000 00413nam a2200169Ia 4500
001 6500
003 IN-NITTTR
005 20251114233019.0
008 251113s9999||||xx |||||||||||||| ||eng||
040 _beng
040 _cIN-NITTTR
041 _aeng
082 _a515.353 G853I
100 _aGreenspan, Donald
245 0 _aIntroduction to partial differential equations /
_cGreenspan, Donald
942 _2ddc
_cBK
999 _c9138
_d9138